| 000 | 00691nam a22002057a 4500 | ||
|---|---|---|---|
| 001 | 113948 | ||
| 003 | DR-UNIBE | ||
| 005 | 20250813111824.0 | ||
| 008 | 250725b2008 mx ||||| |||| 00| 0 spa d | ||
| 040 |
_aBIBLIOTECA UNIBE _bspa _cBIBLIOTECA UNIBE _erda |
||
| 041 | _aspa | ||
| 082 | _aF 5705 | ||
| 245 | _aLa libre competencia y monopolio en los criterios de la Suprema Corte de Justicia de la Nación | ||
| 260 |
_a[Lugar de publicación no identificado] _bUNICEF _c2011 |
||
| 300 | _a61 páginas | ||
| 490 |
_aSerie cuaderno de jurisprudencia ; _v3 |
||
| 650 | 7 |
_2lemb _aJurisprudencia _zMéxico _9198365 |
|
| 650 | 7 |
_2lemb _aMonopolio _xLegislación _zMéxico _9198366 |
|
| 942 |
_2ddc _cMX |
||
| 999 |
_c113948 _d113948 |
||